Регионална библиотека "Любен Каравелов" - Русе

Ким (Запис номер 22360)

MARC детайли
000 -Лидер
Контролно поле с фиксирана дължина 01622nam a2200373 c 4500
003 - Код на организацията, давaща контролен номер
Контролно поле BLK
005 - Дата и час на последна редакция
Контролно поле 20240726162649.0
008 - Елементи от данни с фиксирана дължина
fixed length control field 180413b bul|||||r ||||||| ||bul||
010 ## - Наследен системен номер
LC control number KNG00024723000
020 ## - Международен стандартен номер на книга ISBN
Международен стандартен номер на книга ISBN 954-8793-17-2
-- издат.: Емас - (не е отпеч.)
040 ## - Източник на каталожния запис
Идентификатор на билиотеката - собственик на записа BLK
041 ## - Код за език
Код за езика на текст/звукозапис или на отделно заглавие Български
Код за езика КДБФ Български
080 ## - УДК
Текстов определител УДК Английска литература
УДК код - определител по УДК 821.111
УДК определител -93-31
УДК - код + определител 821.111-93-31
100 1# - Редна дума - Автор
Автор Киплинг, Джоузеф Ръдиард
Авторска отговорност първи автор
R(LIN) 364412
139 ## - Редно поле
Редна дума Киплинг, Джоузеф Ръдиард
Авторски знак Кип - К 55
245 10 - Сведения за заглавието
Заглавие Ким
Подзаглавни данни Роман за юноши
Редно поле (дума) Джоузеф Ръдиард Киплинг; прев. от англ. Рачо Георгиев Стоянов.
250 ## - Област на изданието
Сведения за изданието 3. изд.
257 ## - Страна на издаване
Страна на създаване/издаване Великобритания
260 ## - Област на издателските данни
-- София
Име на издателя, разпространителя и проч. Емас
Година на издаване 1998
Печатница София : Балкан прес
300 ## - Физическа характеристика
Страници 416 с.
Илюстрации и др. с ил.
Размери/Мащаб 20 см
380 ## - Жанр
Жанр Детска худож. лит.
490 1# - СЕРИИ (Колекции)
Име на серия Вечните приключенски романи
№: серия 10
500 ## - Общи забележки
Забележка Ориг. загл. Kim / Rudyard Kipling. - 1. изд. 1939 на изд. Славчо Атанасов в библ. Златни зърна ; Г. III. кн. 10. - Офс. изд. - 3 000 тир.
653 ## - Ключова дума – ненормативна
Ключова дума романи
653 ## - Ключова дума – ненормативна
Ключова дума литература за деца
653 ## - Ключова дума – ненормативна
Ключова дума детска литература
700 1# - Други автори (авторска отговорност)
Лично име Стоянов, Рачо Георгиев
Автороска отговорност (Описва отношението между автора и произведението) прев. от англ.
9 (RLIN) 365735
852 ## - Местоположение
Форматна сигнатура Цб 198543
856 4# - Електронен адрес и достъп
Електронен формат pdf - файл
Път до файла /url/
856 4# - Електронен адрес и достъп
Електронен формат pdf - файл
Път до файла /url/
942 ## - АРТИКУЛИ
Вид на библиотечния материал Книги
Скрит в OPAC Не
Koha issues (borrowed), all copies 3
944 ## - СЪЗДАВАНЕ И РЕДАКЦИЯ на ЗАПИСА
Създаване/Редакция Създаване
Дата на регистрацията/редакция 15.01.2003
Служител, извършил регистрацията/редакцията 30532
Статус, дата на статуса Лиляна Коева
944 ## - СЪЗДАВАНЕ И РЕДАКЦИЯ на ЗАПИСА
Създаване/Редакция Редакция
Дата на регистрацията/редакция 16.04.2007
Служител, извършил регистрацията/редакцията
999 ## - СИСТЕМНИ КОНТРОЛНИ НОМЕРА
Koha biblionumber 22360
Koha biblioitemnumber 22360
Наличности
Код за отписване Код за изгубен артикул Източник на класификационната схема Код за повреда Коз за рестрикции Код за отдаване Артикулен № Име на библиотеката - собственик Име на библиотеката, в която се намира в момента Статус (Текущо местоположение) Дата на вписване в системата Местоположение - отдел Цена в лева Инвентарен номер Систематично азбучна сигнатура Баркод Номер на екземпляра Цена в евро Служебна бележка Служебен тип на артикула
  Не е изгубен Universal Decimal Classification Не е повреден без рестрикции ползва се в читалня 36912 Регионална библиотека "Любен Каравелов" Русе Регионална библиотека "Любен Каравелов" Русе Хранилище 2001-01-01 Хранилище 0.00 644688 Цб 198543 120000644688 1 0.00 Дост: Dp Вид: Д N: стар фонд Дата: 01.01.2001 Книги
  Не е изгубен   Не е повреден без рестрикции заемане за дома 36913 Регионална библиотека "Любен Каравелов" Русе Регионална библиотека "Любен Каравелов" Русе Детски отдел 2003-07-23 Детски отдел 3.50 120000677850 ДХ 820/899/К 55 120000677850 2 1.79 Дост: DA Вид: А N: 21 Дата: 23.07.2003 Дата инв: 11.09.2015 Бележки инв: Д2015 Книги
  Не е изгубен   Не е повреден без рестрикции заемане за дома 36914 Регионална библиотека "Любен Каравелов" Русе Регионална библиотека "Любен Каравелов" Русе Детски отдел 2007-01-08 Детски отдел 3.50 120000708231 ДХ 820/899/К 55 120000708231 3 1.79 Дост: DA Вид: А N: 1 Дата: 05.01.2007 Дата инв: 07.08.2015 Бележки инв: Д2015 Книги
Vip Innovations Ltd, Rousse, Bulgaria 2025